Elbeszélés a tömegkultúra korában
Elmentve itt :
| Szerzők: | |
|---|---|
| Dokumentumtípus: | Könyv |
| Kulcsszavak: | irodalomtudomány filmelmélet |
| Tárgyszavak: | |
| Online Access: | http://eta.bibl.u-szeged.hu/1646 |
| LEADER | 00696nnm a2200205 i 4500 | ||
|---|---|---|---|
| 001 | eta1646 | ||
| 005 | 20190201055858.0 | ||
| 008 | 190201suuuu hu o 0|| hun d | ||
| 040 | |a SZTE Elektronikus Tananyag Archívum |b hun | ||
| 041 | |a hun | ||
| 100 | 1 | |a Füzi Izabella | |
| 245 | 1 | 0 | |a Elbeszélés a tömegkultúra korában |h [elektronikus dokumentum] / |c Füzi Izabella |
| 516 | |a Book | ||
| 650 | 4 | |a Bölcsészettudományok | |
| 650 | 4 | |a Nyelvek és irodalom | |
| 650 | 4 | |a Általános irodalomtudományok | |
| 695 | |a irodalomtudomány | ||
| 695 | |a filmelmélet | ||
| 700 | 0 | 1 | |a Török Ervin |e aut |
| 856 | 4 | 0 | |u https://eta.bibl.u-szeged.hu/1646/2/elbeszeles_kesz/www.jgypk.hu/index.html |z Dokumentum-elérés |